000 00675nam a22002411 4500
001 9919
003 BD-RjUL
005 20211208234850.0
008 140122s1965 nyua 000 0 eng d
035 _a(BD-RjUL) 9965
040 _aDLC/ICU
_cICU
_dDLC
_dBD-RjUL)
_beng
041 _aeng
082 0 0 _a540
_bDEI
100 1 _aDewar, Michael James Steuart.
_930659
245 1 3 _aAn introduction to modern chemistry,
_cby Michael J.S. Dewar.
260 _aNew York :
_bOxford University Press,
_c1965.
300 _a209 p. :
_billus. ;
_c23 cm.
504 _aIncludes Index
650 0 _aChemistry.
_930660
942 _2ddc
_cBK
999 _c9919
_d9919